LEADER 04443nam 2200697 a 450 001 9910458352603321 005 20200520144314.0 010 $a1-281-10688-7 010 $a9786611106881 010 $a0-313-34683-6 035 $a(CKB)1000000000400236 035 $a(EBL)329217 035 $a(OCoLC)227364164 035 $a(SSID)ssj0000106070 035 $a(PQKBManifestationID)11644189 035 $a(PQKBTitleCode)TC0000106070 035 $a(PQKBWorkID)10109464 035 $a(PQKB)10000723 035 $a(MiAaPQ)EBC329217 035 $a(Au-PeEL)EBL329217 035 $a(CaPaEBR)ebr10213969 035 $a(CaONFJC)MIL110688 035 $a(OCoLC)191805917 035 $a(EXLCZ)991000000000400236 100 $a20070621d2008 uy 0 101 0 $aeng 135 $aur|n|---||||| 181 $ctxt 182 $cc 183 $acr 200 00$aArthurian writers$b[electronic resource] $ea biographical encyclopedia /$fedited by Laura Cooner Lambdin and Robert Thomas Lambdin 210 $aWestport, Conn. $cGreenwood Press$d2008 215 $a1 online resource (425 p.) 300 $aDescription based upon print version of record. 311 $a0-313-34682-8 320 $aIncludes bibliographical references (p. [379]-392) and index. 327 $aArthurian Writers; Contents; Preface; Introduction; Gildas (c. 490-570); Bede (c. 673-May 25, 735); Nennius (c. early ninth century); Wace (Robert?) (c. 1100-1183); Geoffrey of Monmouth (c. 1100-c. 1155); Chre?tien de Troyes (c. 1125-1191); Layamon (fl. c. 1185-1225); Hartmann von Aue (c. 1160/1165-c. 1210/1220); Wolfram von Eschenbach (fl. c. 1200-d. c. 1216); Jehan Froissart (c. 1337-c. 1410); The Gawain-Poet (fl. c. 1350-1400); Giovanni Boccaccio (c. June 1313-December 21, 1375); Geoffrey Chaucer (c. 1340-1400); Sir Thomas Malory (c. 1400-March 14, 1471) 327 $aEdmund Spenser (c. 1552-January 13, 1599)Thomas Heywood (c. 1573-August 16, 1641); John Dryden (August 9, 1631-May 1, 1700); Matthew Arnold (December 24, 1822-April 15, 1888); William Morris (March 24, 1834-October 3, 1896); Algernon Charles Swinburne (April 5, 1837-April 10, 1909); Alfred, Lord Tennyson (August 6, 1809-October 6, 1892); Mark Twain (November 30, 1835-April 21, 1910); Edwin Arlington Robinson (December 22, 1869-April 6, 1935); T(homas) S(tearns) Eliot (September 26, 1888-January 4, 1965); C(live) S(taples) Lewis (November 29, 1898-November 22, 1963) 327 $aJohn Steinbeck (February 27, 1902-December 20, 1968)T(erence) H(anbury) White (May 29, 1906-January 17, 1964); Walker Percy (May 28, 1916-May 10, 1990); Mary Stewart (September 17, 1916-); Rosemary Sutcliff (December 14, 1920-July 22, 1992); Thomas Berger (July 20, 1924-); Marion Zimmer Bradley (June 3, 1930-September 25, 1999); Persia Woolley (November 8, 1935-); Margaret Eleanor Atwood (November 18, 1939-); Arthurian Art; Selected Readings; Index; About the Editors and Contributors 330 $aKing Arthur is perhaps the central figure of the medieval world, and the lore of Camelot has captivated literary imaginations from the Middle Ages to the present. Included in this volume are extended entries on more than 30 writers who incorporate Arthurian legend in their works. Arranged chronologically, the entries trace the pervasive influence of Arthurian lore on world literature across time. Entries are written by expert contributors and discuss such writers as Geoffrey of Monmouth, Boccaccio, Chaucer, Mark Twain, John Steinbeck, and Margaret Atwood. Each entry provides biographical infor 606 $aArthurian romances$vEncyclopedias 606 $aEnglish literature$vBio-bibliography$vEncyclopedias 606 $aEnglish literature$zEnglish-speaking countries$xHistory and criticism 606 $aEnglish literature$xHistory and criticism 606 $aArchetype (Psychology) in literature 608 $aElectronic books. 615 0$aArthurian romances 615 0$aEnglish literature 615 0$aEnglish literature$xHistory and criticism. 615 0$aEnglish literature$xHistory and criticism. 615 0$aArchetype (Psychology) in literature. 676 $a809/.93351 701 $aLambdin$b Laura C$0883627 701 $aLambdin$b Robert T$0883628 801 0$bMiAaPQ 801 1$bMiAaPQ 801 2$bMiAaPQ 906 $aBOOK 912 $a9910458352603321 996 $aArthurian writers$92238583 997 $aUNINA LEADER 03459nam 22004213 450 001 9910765441503321 005 20220408080209.0 010 $a965-406-754-4 035 $a(MiAaPQ)EBC6946378 035 $a(Au-PeEL)EBL6946378 035 $a(CKB)21469059200041 035 $a(OCoLC)1310338923 035 $a(EXLCZ)9921469059200041 100 $a20220408d2022 uy 0 101 0 $aeng 135 $aurcnu|||||||| 181 $ctxt$2rdacontent 182 $cc$2rdamedia 183 $acr$2rdacarrier 200 14$aThe Kathisma Church and Monastery of Mary Theotokos on the Jerusalem - Bethlehem Road $eFinal Report of the 1992, 1997, 1999 and 2000 Excavation Seasons 210 1$aJerusalem :$cIsrael Antiquities Authority,$d2022. 210 4$dİ2022. 215 $a1 online resource (334 pages) 311 08$aPrint version: Avner, Rina The Kathisma Church and Monastery of Mary Theotokos on the Jerusalem - Bethlehem Road Jerusalem : Israel Antiquities Authority,c2022 9789654067539 327 $aFront Matter -- Contents -- Abbreviations -- Preface -- Chapter 1: Introduction -- Chapter 2: The Octagonal Church-Architecture and Stratigraphy -- Chapter 3: The Entrance Atria and the Monastery-Architeture and Stratigraphy -- Chapter 4: The Mosaic Floors -- Chapter 5: The Inscriptions -- Chapter 6: Architectural Elements and Liturgical Furniture -- Chapter 7: The Coins -- Chapter 8: The Pottery -- Chapter 9: The Glass Finds -- Chapter 10: The Kathisma Church in Its Historical Context in the Early Islamic Period -- Chapter 11: Summary and Discussion -- References -- Appendix 1: A Rhodian Stamped Amphora Handle from Kathisma -- Appendix 2: List of Selected Loci and Walls -- List of IAA Reports. 330 $aThis volume documents the excavations of the Kathisma church and monastery located on the ancient road from Jerusalem to Bethlehem. Kathisma is mentioned in Byzantine sources and pilgrimage itineraries, and identified as the holy place where Mary sat down to rest in her final stage of pregnancy before giving birth to Jesus. It played a role in the initial stages of Mary's worship and its influence is still felt today.The octagonal church, built in the fifth century CE, is one of the most important discoveries of Early Christian architecture in the Holy Land in recent decades. The size of the church and its architectural plan, based on three concentric octagons, attest to it being designed as a pilgrimage church that could accommodate large audiences. In the Umayyad period, the church served both Muslim and Christian worshippers, as indicated by a mi?rab installed in the southern part, and the cancelation of the main apse by an Umayyad building. The splendid mosaics from this period in the southern rooms testify to artistic and iconographic influences of the wall mosaics in the Dome of the Rock. The evidence for the existence of a mosque in the Kathisma church constitutes the only archaeological evidence known to date for the 'Covenants of 'Umar', which obliged Christians to relinquish areas in churches to Muslims. 606 $aAntiquities 615 0$aAntiquities. 676 $a933.4 700 $aAvner$b Rina$01450338 701 $aAU$01450339 801 0$bMiAaPQ 801 1$bMiAaPQ 801 2$bMiAaPQ 906 $aBOOK 912 $a9910765441503321 996 $aThe Kathisma Church and Monastery of Mary Theotokos on the Jerusalem - Bethlehem Road$93649509 997 $aUNINA